000 00467nam a22001937a 4500
003 MPLRDC
005 20220104124259.0
008 210129b ||||| |||| 00| 0 eng d
020 _a957-9685-22-3
082 _a498.96 FTZJ
100 _a福田正继
245 _a直销成功十四章
_c陈慧珍译
250 _a八刷
260 _a
_b方智出版社
_c1993
300 _b
490 _a社会大学. 7
650 _a直销
942 _cBK
_o498.96 FTZJ
999 _c18075
_d18065